Poorest US Cities - Statistics

General Stats
  • This quiz has been taken 50 times
  • The average score is 8 of 10
Answer Stats
State Answer % Correct
MI Detroit
95%
OH Cleveland
91%
AL Birmingham
86%
MS Jackson
86%
NJ Newark
82%
NY Rochester
80%
OH Dayton
75%
CT Hartford
73%
NY Syracuse
73%
MA Springfield
48%
No matching quizzes found
Score Distribution
Percent of People with Each Score
Percentile by Number Answered
Your Score History
You have not taken this quiz